BSOP header

Caiaphas the high priest / (Record no. 51482)

MARC details
000 -LEADER
fixed length control field 01386cam a2200325Ia 4500
001 - CONTROL NUMBER
control field 798615963
003 - CONTROL NUMBER IDENTIFIER
control field OCoLC
005 - DATE AND TIME OF LATEST TRANSACTION
control field 20220624100959.0
008 - FIXED-LENGTH DATA ELEMENTS--GENERAL INFORMATION
fixed length control field 120707t20132011mnua b 001 0deng d
020 ## - INTERNATIONAL STANDARD BOOK NUMBER
International Standard Book Number 9780800699406
020 ## - INTERNATIONAL STANDARD BOOK NUMBER
International Standard Book Number 0800699408
035 ## - SYSTEM CONTROL NUMBER
System control number (OCoLC)798615963
040 ## - CATALOGING SOURCE
Original cataloging agency BTCTA
Language of cataloging eng
Transcribing agency BTCTA
Modifying agency YDXCP
-- JAN
-- OCLCA
-- EXN
049 ## - LOCAL HOLDINGS (OCLC)
Holding library EXNs
100 1# - MAIN ENTRY--PERSONAL NAME
Personal name Reinhartz, Adele,
Dates associated with a name 1953-
245 10 - TITLE STATEMENT
Title Caiaphas the high priest /
Statement of responsibility, etc Adele Reinhartz.
250 ## - EDITION STATEMENT
Edition statement First Fortress Press edition.
260 ## - PUBLICATION, DISTRIBUTION, ETC. (IMPRINT)
Place of publication, distribution, etc Minneapolis, Minn. :
Name of publisher, distributor, etc Fortress Press,
Date of publication, distribution, etc 2013, c2011.
300 ## - PHYSICAL DESCRIPTION
Extent x, 254 p. :
Other physical details ill. ;
Dimensions 23 cm.
336 ## - CONTENT TYPE
Content Type Term text
337 ## - MEDIA TYPE
Media Type Term unmediated
338 ## - CARRIER TYPE
Carrier Type Term volume
490 1# - SERIES STATEMENT
Series statement Studies on personalities of the New Testament.
500 ## - GENERAL NOTE
General note "This project had its genesis in a paper delivered at a conference at the Institute for Advanced Studies at Hebrew University in March 2001"--Pref.
504 ## - BIBLIOGRAPHY, ETC. NOTE
Bibliography, etc Includes bibliographical references and indexes.
505 0# - FORMATTED CONTENTS NOTE
Formatted contents note Caiaphas in context -- Caiaphas in the New Testament -- Caiaphas in the early Christian imagination -- Caiaphas in literature -- Caiaphas on stage -- Caiaphas on screen -- Caiaphas in historiography -- Caiaphas in history -- Face to face with Caiaphas.
600 00 - SUBJECT ADDED ENTRY--PERSONAL NAME
Personal name Caiaphas,
Titles and other words associated with a name High priest,
Dates associated with a name active 1st century.
830 #0 - SERIES ADDED ENTRY--UNIFORM TITLE
Uniform title Studies on personalities of the New Testament.
942 ## - ADDED ENTRY ELEMENTS (KOHA)
Source of classification or shelving scheme Library of Congress Classification
Item type Books
Holdings
Withdrawn status Lost status Source of classification or shelving scheme Damaged status Not for loan Home library Current library Shelving location Date acquired Source of acquisition Inventory number Total Checkouts Full call number Barcode Date last seen Price effective from Koha item type
    Library of Congress Classification     BSOP Library BSOP Library GC 06/24/2022 Theological Book Network 46956   BS2452.C34 R27 2013 00057833 06/24/2022 06/24/2022 Books
BSOP

Biblical Seminary of the Philippines
  All rights Reserved
  © 2024

CONTACT INFORMATION

Biblical Seminary of the Philippines,
  77-B Karuhatan Road, Valenzuela City,
  PHILIPPINES 1441
  Phone: +632 8292-6795 / 8292-6798
  Fax : +632 8292-6675
  Email: library@bsop.edu.ph